| 000 | 00389nam a2200145Ia 4500 | ||
|---|---|---|---|
| 008 | 220217s9999||||xx |||||||||||||| ||und|| | ||
| 020 | _a0-07-460105-9 | ||
| 082 | _a621.388 04 DHA | ||
| 100 |
_aDhake, Late Arvind, M _93334 |
||
| 245 | 0 | _aTelevision and video engineering | |
| 250 | _a2nd | ||
| 260 |
_aTata mcgraw hill _bNew Delhi _c2001 |
||
| 300 | _b215 | ||
| 650 | _aTELEVISION | ||
| 999 |
_c171411 _d171411 |
||